Changing forms of labour mobilisation in Malaysian agriculture /
محفوظ في:
| المؤلف الرئيسي: | |
|---|---|
| التنسيق: | أطروحة كتاب |
| اللغة: | English |
| منشور في: |
1987
|
| الموضوعات: | |
| الوسوم: |
إضافة وسم
لا توجد وسوم, كن أول من يضع وسما على هذه التسجيلة!
|
| LEADER | 01426cam a2200349 4500 | ||
|---|---|---|---|
| 001 | u56049 | ||
| 003 | SIRSI | ||
| 008 | 900224s1987 uk ab v 0 eng | ||
| 035 | |a AAG-0779 | ||
| 040 | |a UMM |d UME | ||
| 043 | |a a-my--- |a a-my-pa | ||
| 091 | 0 | 0 | |a Microfilm 2355 |
| 090 | |a HD1516 |b M4Halhs | ||
| 099 | |a 333.38-595 |b Hal | ||
| 100 | 0 | 0 | |a Halim Haji Salleh |
| 245 | 1 | 0 | |a Changing forms of labour mobilisation in Malaysian agriculture / |c by Halim bin Salleh |
| 260 | |c 1987 | ||
| 300 | |a v, 555 leaves : |b ill., maps ; |c 29 cm. | ||
| 500 | |a Also available in Microfilm. Boston Spa: The British Library Document Supply Centre, 1989. 1 reel ; negative, 35mm | ||
| 502 | |a Thesis (Ph.D.) - University of Sussex, 1987 | ||
| 504 | 0 | 0 | |a Bibliography: leaves 536-555 |
| 610 | 2 | 0 | |a Lembaga Kemajuan Tanah Persekutuan |
| 650 | 0 | |a Agricultural laborers |z Malaysia. | |
| 650 | 0 | |a Land settlement |z Malaysia | |
| 650 | 0 | |a Agricultural colonies |z Malaysia | |
| 650 | 0 | |a Rural development |z Malaysia | |
| 650 | 0 | |a Saving and investment |z Malaysia | |
| 948 | |a 16/03/1991 |b 10/09/2003 | ||
| 596 | |a 1 9 | ||
| 999 | |a HD1516 M4HALHS |w LC |c 1 |i A500440526 |d 31/3/2023 |e 15/3/2023 |l STACKS |m P01UTAMA |n 8 |r Y |s Y |t TESIS |u 13/10/1995 | ||
| 999 | |a TESIS 333.38-595 HAL |w LC |c 1 |i A507986014 |l DISCARD |m P09EKONOMI |r Y |s Y |t TESIS |u 5/11/1998 | ||
| 999 | |a MICROFILM 2355 |w LC |c 1 |i A516620703 |d 22/8/2016 |f 22/8/2016 |g 1 |l MIKROFILM |m P01UTAMA |r Y |s Y |t MIKROFILEM |u 22/8/2016 | ||
